| 000 | 00505nam a2200145Ia 4500 | ||
|---|---|---|---|
| 008 | 191108s9999 xx 000 0 und d | ||
| 020 | _a978-0-07-127060-1 | ||
| 100 | _aMcConnell, Campbell R. | ||
| 245 |
_cCampbell McConnell, Stanley L. Brue & Sean M. Flynn.-- _aEconomics: _bprinciples, problems, and policies / |
||
| 250 | _a18th ed. | ||
| 260 |
_aNew York : _bMcGraw Hill Companies _c2009 |
||
| 300 |
_axxxi, 784 pages : _c25.5 cm. |
||
| 500 | _aIncludes glossary and index. | ||
| 650 | _a Economics. | ||
| 999 |
_c362558 _d362558 |
||